| 000 | 00738nam a2200253Ia 4500 | ||
|---|---|---|---|
| 003 | OSt | ||
| 005 | 20220923211033.0 | ||
| 006 | a|||||r|||| 00| 0 | ||
| 007 | ta | ||
| 008 | Pun | ||
| 020 |
_a8171423760 (hbk) _c100 |
||
| 024 | _a289,970 | ||
| 037 |
_b1019, 16/03/2016, H.K. Prakashan _cTextual |
||
| 040 |
_aARTS _cARTS _bPun |
||
| 041 |
_2Pun _aPun |
||
| 082 | _aO153,1NJAx, P7 | ||
| 100 |
_aਜਗਤਾਰ _9157402 |
||
| 245 | 0 | _aਦੁੱਪ ਪਥਰੀ | |
| 260 |
_aਚੰਡੀਗੜ _b ਲੋਕਗੀਤ _c2007 |
||
| 300 |
_a88ਪੰ _ccm. |
||
| 650 | _aਪੰਜਾਬੀ ਸਾਹਿਤ | ||
| 942 |
_hO153,1NJAx, P7 _cTEXL _2CC |
||
| 999 |
_c294295 _d294295 |
||